| 000 | 00623nam a2200169 a 4500 | ||
|---|---|---|---|
| 001 | 3231 | ||
| 003 | CDMR | ||
| 005 | 20130319172025.0 | ||
| 008 | 130130s1992||||||||||||||||||||||||||||d | ||
| 020 | _a8478262784 | ||
| 040 |
_aCDMR _bcat _cCPC GIRONA |
||
| 100 | 1 |
_aRibot i Mundet, Maria Dolors _92342 |
|
| 245 | 1 | 0 |
_aProblemàtica de l'adquisició del sistema fonemàtic de la llengua catalana a les comarques de Girona _b: adquisició del sistema consonàntic _cMaria Dolors de Ribot i Mundet |
| 260 |
_c1992 _bPublicacions de l'Abadia de Montserrat _aBarcelona |
||
| 490 | 0 |
_aBiblioteca Milà i Fontanals _v14 |
|
| 942 |
_cMON _2udc |
||
| 999 |
_c3231 _d3231 |
||